| 000 | 01394nam a2200349 i 4500 | ||
|---|---|---|---|
| 001 | bg | ||
| 003 | BPK | ||
| 005 | 20200407082143.0 | ||
| 008 | 080613s1967 pl a f f |000 0 pol | ||
| 015 | _aPB 1967/6144 | ||
| 040 |
_aWA N _cBPK |
||
| 080 | _a69 | ||
| 080 | _a624.01/.07 | ||
| 080 | _a(075.8) | ||
| 100 | 1 |
_aŻenczykowski, Wacław _d(1897-1957) _eAutor |
|
| 245 | 1 | 0 |
_aBudownictwo ogólne. _nT.3. Cz. 1-2. _pKonstrukcje drewniane, dachy i schody. Budownictwo uprzemysłowione / _cWacław Żenczykowski. |
| 246 | 3 | 0 | _aKonstrukcje drewniane, dachy i schody |
| 246 | 3 | 0 | _aBudownictwo uprzemysłowione |
| 250 | _aWyd. 6 rozsz. (4 drukowane). | ||
| 260 |
_aWarszawa : _b"Arkady", _c1967. |
||
| 300 |
_a751, [1] s. : _bil. ; _c23 cm. |
||
| 504 | _aBibliogr. | ||
| 505 | 0 | 0 |
_gTom 3, cz. 1, _tKonstrukcje drewniane, dachy i schody. _gCz. 2, _tBudownictwo uprzemysłowione / _rpod kier. W. Michniewicza ; oprac. Władysław Bacciarelli [et al.]. |
| 521 | 8 | _aDla inżynierów, techników budowl. i studentów. | |
| 655 | 4 | _aPodręczniki akademickie | |
| 650 | 4 | _aBudownictwo | |
| 710 | 2 |
_aWydawnictwo "Arkady". _4pbl. |
|
| 700 | 1 |
_aMichniewicz, Wincenty _eOpracowanie |
|
| 700 | 1 |
_aBacciarelli, Władysław _eOpracowanie |
|
| 856 |
_uhttp://koha.tu.koszalin.pl/cgi-bin/koha/opac-detail.pl?biblionumber=7782 _yKatalog online BPK |
||
| 942 |
_2UKD _cKS |
||
| 999 |
_c7782 _d7782 |
||